00426nam a2200169Ia 450000500170000000800410001702000140005804000190007204100120009108200110010310000220011424500420013626000330017830000120021165000230022385000100024620230615104302.0131103s9999 xx 000 0 und d a330242237 aLoreto College aEnglish aFbDUM aDu Maurier,Daphne 4aThe King's GeneralcDaphne du Maurier aLondonbPan Books Ltd.c1946 a349 p.  aFiction in English aLCLIB